000 00613nam a2200217Ia 4500
008 131103s9999 xx 000 0 und d
020 _a1859962033
_c19.99GBP
040 _aLoreto College
041 _aEnglish
082 _a152.5/WAG
_bLCLIB/PsySem 608/46663
100 _aWagner, H.
245 _aPhysiological psychology
_cH. Wagner and K. Silber
260 _aLondon
_bBIOS Scientific Pub
_c2004
300 _ax,262p.
_c 22cm
440 _aThe Instant notes series
630 _aPsychology
650 _aPsychophysiology
651 _aPhysiological Psychology
700 _aSilber, K.
942 _cBK
999 _c20234
_d70713